Caste & Nature : (Record no. 149555)

MARC details
000 -LEADER
fixed length control field 00634nam a22001937a 4500
005 - DATE AND TIME OF LATEST TRANSACTION
control field 20180129130110.0
010 ## - LCCN (DPL NO)
LC control number ENG-122164
020 ## - INTERNATIONAL STANDARD BOOK NUMBER
International Standard Book Number 9780199477562
Terms of availability 995.00
035 ## - SYSTEM CONTROL NUMBER
System control number EN-105696
037 ## - SOURCE OF ACQUISITION
Source of stock number/acquisition DBAD/PUB
082 ## - DEWEY DECIMAL CLASSIFICATION NUMBER
Classification number 305.50954
100 ## - MAIN ENTRY--PERSONAL NAME
Personal name Sharma, Mukul
245 ## - TITLE STATEMENT
Title Caste & Nature :
Statement of responsibility, etc by Mukul Sharma
Remainder of title dalits and indian environmental politics /
260 ## - PUBLICATION, DISTRIBUTION, ETC. (IMPRINT)
Place of publication, distribution, etc New Delhi
Name of publisher, distributor, etc Oxford University Press
Date of publication, distribution, etc 2017
270 ## - ADDRESS
Address 2/11 Ground Floor, Ansari Road, Daryaganj
City New Delhi
Postal code 110002
300 ## - PHYSICAL DESCRIPTION
Extent 296p.
Dimensions 24cm
500 ## - GENERAL NOTE
General note includes Bibliography reference and index
942 ## - ADDED ENTRY ELEMENTS (KOHA)
Source of classification or shelving scheme Dewey Decimal Classification
Item type English Books
Classification part 305.50954
Call number suffix SHA
Holdings
Withdrawn status Lost status Not for loan Collection code Home library Current library Date acquired Source of acquisition Cost, normal purchase price Full call number Barcode Copy number Cost, replacement price Koha item type
    Not For Loan Non-fiction D.B.Act.Division Bawana 29/01/2018 DBAD/PUB 995.00 305.50954 MUK EN-105696 1 995.00 English Books

© Delhi Public Library
Hit Counter
free hit counter